ბათუმის შოთა რუსთაველის სახელმწიფო უნივერსიტეტის ბიბლიოთეკა

რელიგიის ისტორიის მცირე განმარტებითი ლექსიკონი : (ბიბ.ჩანაწერი № 34893)

000 -ლიდერი
ფიქსირებული სიგრძის საკონტროლო ველი 01010nam a2200217Ia 4500
001 - საკონტროლო ნომერი
საკონტროლო ველი 716
003 - საკონტროლო ნომრის იდენტიფიკატორი
საკონტროლო ველი GE_BSU
005 - ბოლო ოპერაციის თარიღი და დრო
საკონტროლო ველი 20210222130155.0
008 - ფიქსირებული სიგრძის მონაცემთა ელემენტები - ზოგადი ინფორმაცია
ფიქსირებული სიგრძის საკონტროლო ველი 181216s2005||||ge |||||||||||||| ||geo||
040 ## - კატალოგიზაციის წყარო
Transcribing agency GE_BSU
041 ## - ენის კოდი
Language code of text/sound track or separate title geo
080 ## - უნივერსალური ათობითი კლასიფიკაციის ინდექსი
Universal Decimal Classification number 2(03)(038) მ–66
100 ## - მთავარი ჩანაწერი - პიროვნების სახელი
Personal name მიმინოშვილი,ოთარ
9 (RLIN) 10180
245 ## - ცნობა სათაურის შესახებ
Title რელიგიის ისტორიის მცირე განმარტებითი ლექსიკონი :
Remainder of title სალექციო კურსი /
Statement of responsibility, etc მიმინოშვილი, ოთარ; ციხელაშვილი, რობინზონ.
264 ## - წარმოების, გამოცემის, დისტრიბუციის და სხვა ცნობები
გამოცემის, წარმოების, დისტრიბუციის... ადგილი თბილისი :
გამოცემის, წარმოების, დისტრიბუციის... სახელწოდება ჰარმონი,
გამოცემის, წარმოების, დისტრიბუციის... თარიღი 2005.
300 ## - ფიზიკური აღწერა
Extent 42 გვ.
653 ## - INDEX TERM--UNCONTROLLED
Uncontrolled term მცირე განმარტებითი ლექსიკონი
653 ## - INDEX TERM--UNCONTROLLED
Uncontrolled term რელიგიის ისტორია
700 ## - ADDED ENTRY--PERSONAL NAME
Personal name ციხელაშვილი, რობინზონ
Relator term ავტორი
9 (RLIN) 10181
942 ## - ADDED ENTRY ELEMENTS (KOHA)
Koha item type წიგნი
Source of classification or shelving scheme
ეგზემპლარები
ჩამოწერის სტატუსი დაკარგული ეგზემპლარის სტატუსი კლასიფიკაციის წყარო ან თაროზე გაწყობის სქემა დაზიანების სტატუსი არ გაიცემა მუდმივი მდებარეობა (დაცვის ადგილი) ამჟამინდელი ადგილსამყოფელი თაროზე განთავსების ადგილი შეძენის თარიღი ღირებულება, შესყიდვის ნორმალური ფასი სრული შენახვის შიფრი შტრიხკოდი ბოლო ოპერაციის თარიღი ეგზემპლარის მიმდევრობითი ნომერი (კეტერი?) ფასის ძალაში შესვლის თარიღი ეგზემპლარის სახეობა საჯარო შენიშვნა
          ბათუმის შოთა რუსთაველის სახელმწიფო უნივერსიტეტის მთავარი ბიბლიოთეკა ბათუმის შოთა რუსთაველის სახელმწიფო უნივერსიტეტის მთავარი ბიბლიოთეკა წიგნსაცავი 2018-12-17 2.00 2(03)(038) მ–66 1278 2018-12-17 1278 2018-12-17 წიგნი 2 ლ.